| 000 | 00682nam a2200241Ia 4500 | ||
|---|---|---|---|
| 003 | OSt | ||
| 005 | 20220918225338.0 | ||
| 006 | a|||||r|||| 00| 0 | ||
| 007 | ta | ||
| 008 | 220917b |||||||| |||| 00| 0 eng d | ||
| 024 | _a240,128 | ||
| 037 | _cTextual | ||
| 040 |
_aARTS _cARTS _beng |
||
| 041 |
_2eng _aeng |
||
| 082 | _aW:(R)xL24:g, M2 | ||
| 100 |
_aPippin Robert B _931276 |
||
| 245 | 0 |
_aKant's theory of form _bessay on the critique of pure reason |
|
| 260 |
_aNew Haven _bYale University Press _c1982 |
||
| 300 |
_aix,243p _ccm. |
||
| 650 | _aPOLITICAL SCIENCE | ||
| 942 |
_hW:(R)xL24:g, M2 _cTEXL _2CC |
||
| 999 |
_c284398 _d284398 |
||